Sot︠s︡ialʹno-ėkonomicheskie problemy migrat︠s︡ii v sovremennoĭ Rossii : sbornik obzorov /

Bibliographic Details
Corporate Author: Institut nauchnoĭ informat︠s︡ii po obshchestvennym naukam (Rossiĭskai︠a︡ akademii︠a︡ nauk)
Other Authors: Bylov, V. G.
Format: Book
Language:Russian
Published: Moskva : INION RAN, 2003.
Series:Ėkonomicheskie i sot︠s︡ialʹnye problemy Rossii ; 2003-2.
Subjects:

MARC

Tag First Indicator Second Indicator Subfields
LEADER 00000cam a2200000 a 4500
001 in00002086607
005 20151102143645.0
008 040407s2003 ru b 000 0 rusoc
035 |a (OCoLC)ocm54901179 
040 |a GZM  |c GZM  |d TXA  |d UtOrBLW 
042 |a pcc 
043 |a e-ru--- 
049 |a TXAM 
050 4 |a HB2068.2.A3  |b S68 2003 
245 0 0 |a Sot︠s︡ialʹno-ėkonomicheskie problemy migrat︠s︡ii v sovremennoĭ Rossii :  |b sbornik obzorov /  |c [otv. redaktor i sostavitelʹ vypuska, V.G. Bylov]. 
264 1 |a Moskva :  |b INION RAN,  |c 2003. 
300 |a 159 pages ;  |c 21 cm. 
336 |a text  |b txt  |2 rdacontent 
337 |a unmediated  |b n  |2 rdamedia 
338 |a volume  |b nc  |2 rdacarrier 
490 1 |a Ėkonomicheskie i sot︠s︡ialʹnye problemy Rossii ;  |v 2003-2 
500 |a At head of title: Rossiĭskai︠a︡ akademii︠a︡ nauk. Institut nauchnoĭ informat︠s︡ii po obshchestvennym naukam. 
504 |a Includes bibliographical references. 
650 0 |a Migration, Internal  |z Russia (Federation) 
651 0 |a Russia (Federation)  |x Social conditions  |y 1991- 
651 0 |a Russia (Federation)  |x Economic conditions  |y 1991- 
700 1 |a Bylov, V. G. 
710 2 |a Institut nauchnoĭ informat︠s︡ii po obshchestvennym naukam (Rossiĭskai︠a︡ akademii︠a︡ nauk) 
830 0 |a Ėkonomicheskie i sot︠s︡ialʹnye problemy Rossii ;  |v 2003-2. 
948 |a cataloged  |b h  |c 2005/10/31  |d c  |e tchubary  |f 3:14:03 pm 
994 |a C0  |b TXA 
999 |a MARS 
999 f f |s a4283566-939f-3190-8539-4cafc4e549c0  |i 2f8c4f81-3b64-36e3-9661-4b7668ddde9d  |t 0 
952 f f |p ric  |a Texas A&M University  |b Rellis Campus  |c Joint Library Facility  |d Remote Storage  |t 0  |e HB2068.2.A3 S68 2003  |h Library of Congress classification  |i unmediated -- volume  |m A14833273532 
998 f f |a HB2068.2.A3 S68 2003  |t 0  |l Remote Storage